Statistiche per Top 10 Città più popolose Provincia autonoma di Trento

Clicka qui per fare il quiz!

Statistiche generali

  • Questo quiz è stato fatto 11 volte
  • Il punteggio medio è 7 su 10

Statistiche sulle risposte

Popolazione (ab.)Città% Corretto
114 198Trento
100%
37 754Rovereto
89%
8 887Ala
78%
16 871Arco
78%
6 826Borgo Valsugana
78%
20 446Pergine Valsugana
78%
15 838Riva del Garda
78%
7 516Levico Terme
67%
8 636Lavis
56%
9 456Mori
44%

Distribuzione punteggi

Percentile per numero di risposta

Percentuale di utenti per punteggio

I tuoi punteggi nel tempo

Non hai fatto questo quiz